Linie Autobusowe i Tramwajowe w Krakowie (aktualizacja 19.05.2026) - Statystyki

Ogólne statystyki
  • Ten quiz został rozwiązany 366 razy
    4 od ostatniego zresetowania
  • Średni wynik to 154 z 450
Statystyki odpowiedzi
Linia Przystanek początkowy/końcowy % Poprawnych
8 | 22 | 50 | +17 others Borek Fałęcki
67%
11 | 17 | 18 | +15 others Czerwone Maki P+R
67%
132 | 138 | 139 | +4 others Kombinat
67%
10 | 24 Kurdwanów P+R
67%
14 | 16 | 123 | +4 others Mistrzejowice
67%
10 | 21 | 111 | +8 others Pleszów
67%
1 | 20 | 209 | +7 others Salwator
67%
103 | 110 | 122 | +3 others Aleja Przyjaźni
33%
130 | 138 | 173 | 494 Azory
33%
127 Bagry
33%
16 Bardosa
33%
102 | 109 | 609 Bielany
33%
153 Bieżanów Potrzask
33%
176 Bodzów
33%
297 Boleń Pętla
33%
13 | 14 Bronowice
33%
4 | 8 | 24 | +22 others Bronowice Małe
33%
224 Centrum JP II
33%
168 | 501 | 511 | 611 Chełmońskiego Pętla
33%
159 | 706 Cichy Kącik
33%
442 Cmentarz Prądnik Czerwony
33%
76 Cmentarz Rakowicki
33%
109 | 134 | 307 Cracovia Stadion
33%
113 | 129 | 142 | +10 others Czyżyny Dworzec
33%
125 | 182 | 192 | +4 others Dworzec Główny Wschód
33%
105 | 129 | 130 | +4 others Dworzec Główny Zachód
33%
17 Dworzec Towarowy
33%
706 Filharmonia
33%
113 Galicyjska
33%
135 Golkowice Pętla
33%
18 | 50 | 69 | +14 others Górka Narodowa P+R
33%
180 Grębałów
33%
143 Jasieńskiego
33%
121 Kliny Poranne
33%
272 Kocmyrzów-Luborzyca Urząd Gminy
33%
100 | 101 Kopiec Kościuszki
33%
22 | 75 Kopiec Wandy
33%
176 | 476 Kostrze OSP
33%
196 Kozienicka
33%
300 | 902 Kraków Airport
33%
3 | 5 | 102 | +11 others Krowodrza Górka P+R
33%
181 Kujawy
33%
106 | 133 | 135 | +6 others Łagiewniki
33%
103 | 149 | 193 Lesisko
33%
11 | 20 | 76 | +4 others Mały Płaszów P+R
33%
307 Michałowice P+R
33%
153 | 163 | 513 Miejskie Centrum Opieki
33%
210 Modlniczka Centrum Logistyczne
33%
255 Mogilany Pętla
33%
164 | 199 | 601 Mydlniki Wapiennik P+R
33%
603 Na Załęczu
33%
221 | 301 Niepołomice Dworzec
33%
173 | 234 | 244 | +3 others Nowy Bieżanów Południe
33%
3 | 9 | 13 | +4 others Nowy Bieżanów P+R
33%
120 | 140 | 147 | +5 others Nowy Kleparz
33%
174 | 179 Os. Kurdwanów
33%
142 | 180 | 182 | +4 others Os. Na Stoku
33%
21 | 52 | 64 | +3 others Os. Piastów
33%
136 | 151 | 191 | +3 others Os. Pod Fortem
33%
101 | 112 | 124 | +8 others Os. Podwawelskie
33%
337 | 937 Owczary Pętla
33%
164 Piaski Nowe
33%
433 | 469 Piaski Wielkie
33%
260 | 270 Pielgrzymowice Pętla
33%
62 | 189 | 662 Plac Centralny im. R. Reagana
33%
100 Plac Na Stawach
33%
127 | 143 | 155 | 158 Podgórze SKA
33%
158 Podwierzbie
33%
144 | 904 Prądnik Biały
33%
513 Prądnik Biały Zachód
33%
184 | 199 | 250 | +4 others Prądnik Czerwony P+R
33%
139 Przybyszewskiego
33%
141 Przylasek Rusiecki
33%
140 Radzikowskiego Osiedle
33%
9 Rondo Hipokratesa
33%
144 | 195 Rżąka
33%
156 | 175 | 475 | 610 Sidzina
33%
267 Skała Rynek
33%
203 | 243 | 245 | +3 others Skawina
33%
233 | 273 | 295 Skawina SCK
33%
106 | 496 Skotniki Szkoła
33%
222 Słomniki Osiedle
33%
184 Starowiślna
33%
225 | 915 Świątniki Górne Urząd Miasta i Gminy
33%
104 | 155 Swoszowice SKA
33%
149 Szpital Okulistyczny
33%
163 Szpital Rydygiera
33%
49 | 124 TAURON Arena Kraków Wieczysta
33%
605 Teatr Słowackiego
33%
420 Tonie
33%
112 | 612 Tyniec Kamieniołom
33%
424 Ugorek
33%
217 Węgrzce Pętla
33%
234 Węgrzce Wielkie Pętla
33%
110 Węgrzynowice
33%
284 Wieliczka Centrum
33%
204 | 224 | 244 | +2 others Wieliczka Kampus
33%
171 Wróżenice
33%
1 | 4 | 5 Wzgórza Krzesławickie
33%
218 | 288 Zabierzów Młyn
33%
601 Zajezdnia Bieńczyce
33%
128 | 148 Zajezdnia Płaszów
33%
107 | 169 Zajezdnia Wola Duchacka
33%
501 Zalew Nowohucki
33%
122 Zesławice
33%
247 | 317 Zielonki Marszowiec Pętla
33%
125 | 605 Złocień
33%
134 | 434 ZOO
33%
434 Baba Jaga
0%
310 | 910 Będkowice Pętla
0%
146 Bielany Obwodnica
0%
223 Brzeźnica Dworzec
0%
131 Chałupki
0%
211 Chobot Leśniczówka
0%
228 Chrosna Pętla
0%
152 Cmentarz Olszanica
0%
249 | 259 Czernichów Rynek
0%
212 | 271 Czulice Kościół
0%
269 Czułówek Kapliczka
0%
279 Dąbrowa Szlachecka Krzemiennik
0%
220 Giebułtów Morgi
0%
227 | 917 Górna Wieś Pętla
0%
264 Grabie Kościół
0%
295 Grabie Pętla
0%
254 Grabówki Pętla
0%
277 Iwanowice Dworskie Pętla
0%
219 Jeziorzany Pętla
0%
229 Kamień Szkoła
0%
268 Karniowice Pętla
0%
265 Konary Pętla
0%
242 Krzysztoforzyce Pętla
0%
202 Łososkowice Remiza
0%
238 Młynka Pętla
0%
209 Mników Skały
0%
257 Narama Remiza
0%
258 | 298 Nielepice Pętla
0%
235 Ochodza Odwiśle
0%
285 Ochojno Remiza
0%
LR0 Ojców Zamek
0%
192 Olszanica Bory
0%
137 Os. Gotyk
0%
108 Park Tetmajera
0%
240 | 290 Pękowice Ojcowska
0%
150 Piaskowa
0%
116 | 162 Podgórki Tynieckie
0%
214 Podstolice Centrum
0%
273 Polanka Hallera Centrum
0%
200 Przeginia Kościół
0%
278 Radwanowice Pętla
0%
262 Rawałowice Kapliczka
0%
918 Rudawa Rynek
0%
215 Rzeszotary Panciawa Pętla
0%
183 Siwka
0%
107 Soboniowice
0%
274 Trąbki P+R
0%
207 Trojanowice Pętla
0%
230 Ujazd Pętla
0%
232 Wilków Pętla
0%
275 Włosań Centrum
0%
253 Wola Radziszowska Pętla
0%
280 Wola Zachariaszowska Szkoła
0%
239 Wołowice Kapliczka
0%
147 Żabiniec
0%
250 Zastów Pętla
0%
248 | 948 Zelków Pętla
0%
Nie znaleziono quizów pasujących do podanych kryteriów
Rozkład punktacji
Procent ludzi z każdym wynikiem
Percentyl według liczby udzielonych odpowiedzi
Twoja historia wyników
Nie rozwiązałeś tego quizu od ostatniego zresetowania